00423nam a2200145   450000100040000000500170000402000150002110000240003624500840006026000320014430000110017665000360018765000360022365000180025934420181127161334.000a033391016800aBalasubramanian, T.00aA textbook of english phonetics for Indian students / bcT. Balasubramanian.h00aDelhi :bMacmillan, c2008.00a207 p.00aEnglish language --Phonetics.x00aEnglish language --Phonology.x00aPhonetics. x